| Tag |
First Indicator |
Second Indicator |
Subfields |
| LEADER |
00000cam a2200000 a 4500 |
| 001 |
in00000069823 |
| 005 |
20151008055853.0 |
| 008 |
811205s1981 maua 00010 eng |
| 010 |
|
|
|a 79056846
|
| 020 |
|
|
|a 0714526770 :
|c $15.00
|
| 020 |
|
|
|a 0714526762 (pbk.)
|
| 035 |
|
|
|a (OCoLC)07566635
|
| 035 |
|
|
|9 AAJ4600AM
|
| 039 |
0 |
|
|a 2
|b 3
|c 3
|d 3
|e 3
|
| 040 |
|
|
|a DLC
|c DLC
|d TXA
|d UtOrBLW
|
| 049 |
|
|
|a TXAM
|c [387833]
|
| 050 |
0 |
0 |
|a B791
|b .S55
|
| 082 |
0 |
|
|a 190
|2 19
|
| 100 |
1 |
|
|a Skolimowski, Henryk.
|
| 245 |
1 |
0 |
|a Eco-philosophy :
|b designing new tactics for living /
|c Henryk Skolimowski.
|
| 264 |
|
1 |
|a Boston :
|b M. Boyars,
|c 1981.
|
| 300 |
|
|
|a viii, 117 pages :
|b illustrations ;
|c 21 cm.
|
| 336 |
|
|
|a text
|b txt
|2 rdacontent
|
| 337 |
|
|
|a unmediated
|b n
|2 rdamedia
|
| 338 |
|
|
|a volume
|b nc
|2 rdacarrier
|
| 490 |
1 |
|
|a Ideas in progress
|
| 650 |
|
0 |
|a Philosophy, Modern.
|
| 650 |
|
0 |
|a Human ecology.
|
| 650 |
|
0 |
|a Conduct of life.
|
| 830 |
|
0 |
|a Ideas in progress.
|
| 999 |
|
|
|a MARS
|
| 999 |
f |
f |
|s 7f4f1747-5026-3d56-8d15-a5ae4e6f0225
|i 42ad16e7-e610-314d-a055-73c5e1f7df28
|t 0
|
| 952 |
f |
f |
|p ric
|a Texas A&M University
|b Rellis Campus
|c Joint Library Facility
|d Remote Storage
|t 0
|e B791 .S55
|h Library of Congress classification
|i unmediated -- volume
|m A14806078595
|
| 998 |
f |
f |
|a B791 .S55
|t 0
|l Remote Storage
|